000 00327nab a22001097u 4500
008 130520b1984 xxu||||| |||| 00| 0 spa d
041 _aspa
100 1 _aKnutzen, M.
_967335
245 0 0 _aEl Holocausto en la filosofía y la teología
_cM. Knutzen
773 0 _tConcilium
_gV.2,1984,págs.275-286
_x0210-1041
_wRev134
942 _cAR
999 _c355114
_d355114